International biodeterioration & biodegradation (Record no. 117175)
[ view plain ]
| 000 -LEADER | |
|---|---|
| fixed length control field | 01965cas a22004455a 4500 |
| 001 - CONTROL NUMBER | |
| control field | vtls003135460 |
| 003 - CONTROL NUMBER IDENTIFIER | |
| control field | MY-SjTCS |
| 005 - DATE AND TIME OF LATEST TRANSACTION | |
| control field | 20200207085442.0 |
| 006 - FIXED-LENGTH DATA ELEMENTS--ADDITIONAL MATERIAL CHARACTERISTICS | |
| fixed length control field | m d |||||| |
| 007 - PHYSICAL DESCRIPTION FIXED FIELD--GENERAL INFORMATION | |
| fixed length control field | cr anunnnuuuaa |
| 008 - FIXED-LENGTH DATA ELEMENTS--GENERAL INFORMATION | |
| fixed length control field | 920414c19929999enkbx p a 0 0eng d |
| 022 ## - INTERNATIONAL STANDARD SERIAL NUMBER | |
| International Standard Serial Number | 0964-8305 |
| 035 ## - SYSTEM CONTROL NUMBER | |
| System control number | (EbpS)ebs747174 |
| 039 #9 - LEVEL OF BIBLIOGRAPHIC CONTROL AND CODING DETAIL [OBSOLETE] | |
| Level of rules in bibliographic description | 201205151102 |
| Level of effort used to assign nonsubject heading access points | stazrina |
| -- | 200812260847 |
| -- | VLOAD |
| 050 00 - LIBRARY OF CONGRESS CALL NUMBER | |
| Classification number | QP517.B5 |
| Item number | I58 |
| 050 14 - LIBRARY OF CONGRESS CALL NUMBER | |
| Classification number | QH530.5 |
| Item number | .I565 |
| 060 00 - NATIONAL LIBRARY OF MEDICINE CALL NUMBER | |
| Classification number | W1 |
| Item number | IN71J |
| 070 0# - NATIONAL AGRICULTURAL LIBRARY CALL NUMBER | |
| Classification number | QH307.I54 |
| 245 00 - TITLE STATEMENT | |
| Title | International biodeterioration & biodegradation |
| Medium | [electronic resource]. |
| 246 3# - VARYING FORM OF TITLE | |
| Title proper/short title | International biodeterioration and biodegradation |
| 246 30 - VARYING FORM OF TITLE | |
| Title proper/short title | International biodeterioration biodegradation |
| 260 ## - PUBLICATION, DISTRIBUTION, ETC. | |
| Place of publication, distribution, etc. | Barking, Essex, England : |
| Name of publisher, distributor, etc. | Elsevier Applied Science, |
| Date of publication, distribution, etc. | c1992- |
| 310 ## - CURRENT PUBLICATION FREQUENCY | |
| Current publication frequency | Eight no. a year |
| 362 0# - DATES OF PUBLICATION AND/OR SEQUENTIAL DESIGNATION | |
| Dates of publication and/or sequential designation | Vol. 29, no. 1- |
| 500 ## - GENERAL NOTE | |
| General note | On t.p. ampersand is in background of title. |
| 500 ## - GENERAL NOTE | |
| General note | Latest issue consulted: Vol. 31, no. 4, published in 1993. |
| 500 ## - GENERAL NOTE | |
| General note | Academic Journal |
| 515 ## - NUMBERING PECULIARITIES NOTE | |
| Numbering peculiarities note | Published in 2 vols. per year. |
| 529 ## - | |
| -- | TSLHHL |
| 530 ## - ADDITIONAL PHYSICAL FORM AVAILABLE NOTE | |
| Additional physical form available note | Indexing and abstracting for print publication. |
| 550 ## - ISSUING BODY NOTE | |
| Issuing body note | Official journal of the Biodeterioration Society and groups affiliated to the International Biodeterioration Association. |
| 650 #0 - SUBJECT ADDED ENTRY--TOPICAL TERM | |
| Topical term or geographic name entry element | Biodegradation |
| Form subdivision | Periodicals. |
| 650 #0 - SUBJECT ADDED ENTRY--TOPICAL TERM | |
| Topical term or geographic name entry element | Bioremediation |
| Form subdivision | Periodicals. |
| 650 #2 - SUBJECT ADDED ENTRY--TOPICAL TERM | |
| Topical term or geographic name entry element | Biodegradation |
| Form subdivision | Periodicals. |
| 710 2# - ADDED ENTRY--CORPORATE NAME | |
| Corporate name or jurisdiction name as entry element | Biodeterioration Society. |
| 710 2# - ADDED ENTRY--CORPORATE NAME | |
| Corporate name or jurisdiction name as entry element | International Biodeterioration Association. |
| 773 0# - HOST ITEM ENTRY | |
| Title | Academic Source Complete |
| Place, publisher, and date of publication | Ipswich, MA : EBSCO Publishing, 1999- |
| 780 00 - PRECEDING ENTRY | |
| Title | International biodeterioration |
| International Standard Serial Number | 0265-3036 |
| Record control number | (DLC) 92645775 |
| -- | (OCoLC)11059170 |
| 856 40 - ELECTRONIC LOCATION AND ACCESS | |
| Materials specified | Abstracts Available: Jan 2002- |
| Public note | Available on EBSCOhost. |
| Uniform Resource Identifier | https://ezproxy.taylors.edu.my/login?url=https://search.ebscohost.com/direct.asp?db=a9h&jid=JGJ |
| Withdrawn status | Lost status | Damaged status | Not for loan | Home library | Current library | Date acquired | Total Checkouts | Date last seen | Price effective from | Koha item type |
|---|---|---|---|---|---|---|---|---|---|---|
| e-journal | Taylor's Library-TU | Taylor's Library-TU | 10/12/2025 | 10/12/2025 | 10/12/2025 | Journals |